Learning Resource and Development

Art appreciation / (Record no. 29321)

MARC details
000 -LEADER
fixed length control field 01707nam a2200277 i 4500
003 - CONTROL NUMBER IDENTIFIER
control field CSPC
005 - DATE AND TIME OF LATEST TRANSACTION
control field 20250325140232.0
007 - PHYSICAL DESCRIPTION FIXED FIELD--GENERAL INFORMATION
fixed length control field ta
008 - FIXED-LENGTH DATA ELEMENTS--GENERAL INFORMATION
fixed length control field 250325s2023 ph a b 000 0 eng d
020 ## - INTERNATIONAL STANDARD BOOK NUMBER
International Standard Book Number 9786218179325
040 ## - CATALOGING SOURCE
Original cataloging agency CSPC
Language of cataloging eng
Transcribing agency CSPC
Description conventions rda
082 04 - DEWEY DECIMAL CLASSIFICATION NUMBER
Classification number 701
Item number G781a
100 1# - MAIN ENTRY--PERSONAL NAME
Personal name Gravela, Katherine Grace, -Jose,
Relator term author.
245 12 - TITLE STATEMENT
Title Art appreciation /
Statement of responsibility, etc. Katherine Grace Jose-Gravela.
264 #1 - PRODUCTION, PUBLICATION, DISTRIBUTION, MANUFACTURE, AND COPYRIGHT NOTICE
Place of production, publication, distribution, manufacture Sta Cruz, Manila :
Name of producer, publisher, distributor, manufacturer Edric Publishing House,
Date of production, publication, distribution, manufacture, or copyright notice 2023.
300 ## - PHYSICAL DESCRIPTION
Extent 85 pages :
Other physical details illustrations ;
Dimensions 25 cm.
336 ## - CONTENT TYPE
Source radcontent
Content type term text
337 ## - MEDIA TYPE
Source rdacarrier
Media type term unmediated
338 ## - CARRIER TYPE
Source rdacarrier
Carrier type term volume
504 ## - BIBLIOGRAPHY, ETC. NOTE
Bibliography, etc. note Includes bibliographical references.
505 0# - FORMATTED CONTENTS NOTE
Formatted contents note Introduction to the course -- Art appreciation: creativity, imagination and expression -- Assumption of art -- Visual arts -- Functions of arts: personal, social, physical and philosophical -- Type, source and kinds of subject -- Managers, curators, buyers, collectors and art dealers -- Medium and techniques -- National artists -- Elements of art, performance art, transcreation -- Principles of design, rule of thirds -- Art history -- Instrumental music: baroque, classical, romantic and modern -- Narratives, appropriation, borrowing and ownership -- Acts of cultural appropriation -- Textile art -- Visual elements in the Philippine traditional motifs and crafts -- Symmetry art (okkir/ukkil) -- Improvisation in various artforms -- Philippine indigenous art and GAMABA.
650 #0 - SUBJECT ADDED ENTRY--TOPICAL TERM
Topical term or geographic name entry element Aesthetics.
650 #0 - SUBJECT ADDED ENTRY--TOPICAL TERM
Topical term or geographic name entry element Art criticism.
942 ## - ADDED ENTRY ELEMENTS (KOHA)
Source of classification or shelving scheme Dewey Decimal Classification
Suppress in OPAC No
Koha item type Books
Classification part 701
Item part G781a
Call number prefix FIL
Call number suffix 2023
Holdings
Withdrawn status Lost status Source of classification or shelving scheme Damaged status Not for loan Home library Current library Shelving location Date acquired Total Checkouts Full call number Barcode Date last seen Copy number Price effective from Koha item type
    Dewey Decimal Classification     CAMPUS CSPC CAMPUS CSPC Filipiniana Section 03/11/2025   FIL 701 G781a 2023 001532-BUH 03/25/2025 1-2 03/11/2025 Books
    Dewey Decimal Classification     CAMPUS CSPC CAMPUS CSPC Filipiniana Section 03/11/2025   FIL 701 G781a 2023 001533-BUH 03/25/2025 2-2 03/11/2025 Books